Introducción a la teoría de circuitos: una interesante iniciación que presenta y desarrolla una comprensión de los métodos y conceptos que en la actualidad constituyen el instrumental de los procedimientos superiores de análisis y síntesis de redes

Guardat en:
Dades bibliogràfiques
Autor principal: Guillemin, Ernst A (Autor)
Format: Llibre
Idioma:espanyol
Publicat: Barcelona Reverté 1959
Matèries:
Etiquetes: Afegir etiqueta
Sense etiquetes, Sigues el primer a etiquetar aquest registre!

MARC

LEADER 00000nam a2200000 a 4500
001 UCU5362
003 CL-VaPUC
008 960531e19590000SP |||||||||||||||||spa|d
082 0 4 |a 621.319  |b GUI  |2 21 
100 |a Guillemin, Ernst A  |e author  |9 363341 
245 1 0 |a Introducción a la teoría de circuitos: una interesante iniciación que presenta y desarrolla una comprensión de los métodos y conceptos que en la actualidad constituyen el instrumental de los procedimientos superiores de análisis y síntesis de redes 
300 |a 505 p 
942 |c BK 
945 |d 19960531 00:00:00  |a paguirre 
260 |a Barcelona  |b Reverté  |c 1959 
650 0 |a Circuitos eléctricos   |9 260262 
650 0 |a Ecuaciones  |9 260137 
650 0 |a Funciones   |9 263869 
650 0 |a Energía eléctrica  |9 256678 
650 7 |a POTENCIA  |2 CL-VaPUC  |9 363340 
583 |a last modification  |c 20171031 14:12:35  |k Rodrigo Vera 
999 |c 248754  |d 248752 
952 |0 0  |1 0  |4 0  |6 621_319000000000000_GUI_1959  |7 0  |8 A  |9 265585  |a BIBING  |b BIBING  |d 2019-11-19  |i 1673785  |o 621.319 GUI 1959  |p 1673785  |r 2025-01-20  |w 2019-11-19  |y BK  |k EIE